000 00911nam a2200289 i 4500
001 bg
003 BPK
005 20190719115206.0
008 970510s1993 pl a f f |000 0 pol
015 _aPB 1994/1642
020 _a8370850448
040 _aWA N
_cBPK
080 _a528
080 _a(075.8)
100 1 _aTraczewski, Wojciech.
245 1 0 _aGeodezja /
_cWojciech Traczewski, Ignacy Ubysz, Stefan Zaremba ; Politechnika Wrocławska.
250 _aWyd. 4 zm.
260 _aWrocław :
_bWydaw. PW,
_c1993.
300 _a264 s., [1] k. mapa złoż. :
_bfot., rys., wykr. ;
_c24 cm.
504 _aBibliogr. s. 259.
650 4 _aGeodezja
655 4 _aPodręczniki akademickie
700 1 _aUbysz, Ignacy.
700 1 _aZaremba, Stefan.
856 _uhttp://koha.tu.koszalin.pl/cgi-bin/koha/opac-detail.pl?biblionumber=6464
_yKatalog online BPK
942 _2UKD
_cKS
999 _c6464
_d6464